000 00744nam a2200253Ia 4500
003 OSt
005 20220927111046.0
006 a|||||r|||| 00| 0
007 ta
008 220926b |||||||| |||| 00| 0 eng d
024 _a79073
037 _cReports
040 _aRTL
_cRTL
_beng
041 _2eng
_aeng
082 _a"X9:6.1.N8, M2"
110 _aUnited Nations Industrial Development Organisation
245 0 _aFirst consultation on industrial financing
_b Repor
260 _aNew
_bYork United Nation U.S.A.
_c1982
300 _a42p.
_ccm.
650 _aFinancing
700 _aUnited Nations Industrial Development Organisation
942 _h"X9:6.1.N8, M2"
_cCC
999 _c698525
_d698525